00901 2200325 4500001002100000005001500021035002000036007000300056040001700059100003000076245004100106250001200147300003300159020002200192041000800214082001000222084001600232090002200248264003800270336002100308337003000329338002300359500003900382650002100421700004200442850001000484008004100494990002000535990002000555INLIS00000000000819520260529073848 a0010-0922000684ta aSBPUPADbind0 aMiriam EdwardsePengarang1 aQuilt untuk Pemula /cMiriam Edwards a.-cet.1 a48 hlm :bilus ;c21 X 29 cm a978-979-534-658-617aind a646.2 a646.2 MIR q a646.2 MIR q L21-1 a.--Bandung :bSearch Press,c2009 2rdacontentateks 2rdamediaatanpa perantara 2rdacarrieravolume aGlosarium, hlm 48 ; Indeks, hlm 48 4aKerajinan Tangan0 aPenerjemah, Andri SetiawanePengarang aPUPAD260529 0  a595/S/KAPD/2012 a594/S/KAPD/2012